000 00462nam a2200181Ia 4500
005 20250508160452.0
008 008 250505s9999 xx 000 0 eng d
037 _aTextual
040 _aFEDL
_beng
_cFEDL
041 _aeng
_2eng
084 _aB, NAN
_qFEDL
100 _aGopal Singh
245 0 _aGuru Nanak
260 _aNew Delhi, India
_bNational Book Trust
_c1967
300 _a134p.
942 _cTEXL
_hB, NAN
999 _c1364786
_d1364786